Quizzes
Events
Quiz Creation
Community
Videos
Private Events
Remove Ads
Sign In
Join for FREE
Feedback
Dark Mode
Quiz Categories
Sports
Geography
Music
Movies
Television
Just For Fun
Miscellaneous
History
Literature
Language
Science
Gaming
Entertainment
Religion
Holiday
For Kids
Quiz Lab
Recent
Popular Today
Quiz Kudos Today
Editor Picks
Curator Picks
Quizzes by...
Day
Popularity
Type
Ratings
Length
Year
Community
Subscriptions
Recent Discussions
Orange Saloon
Badges
Playlists
Quests
Create
Leaderboards
Showdown
Live 5
Trivia Bingo
Activity
Puzzle Library
Sporcle Events
Private Events
Virtual Trivia
Globe League
Become a Host
Pub Owners
SporcleCon
Opinionation
Our Games
Videos
Blog
Mobile Apps
Partnerships
Remove Ads and Go Orange
Feedback
Music
Pop Music
The Beatles
Song
Album
Lyrics
Bands
Singers
Artist
Clip
Rock
Rap
Classical
Billboard
Country Music
Kpop
Taylor Swift
Music
Pop Music
The Beatles
Song
Album
Lyrics
Bands
Singers
Artist
Clip
Rock
Rap
Classical
Billboard
Country Music
Kpop
Taylor Swift
Random Quiz
Search Sporcle
×
Quiz Lab
Quiz Lab
Music
Grammy Nominees
Select answers by clicking on text or image buttons
Select answers by clicking on text or image buttons
Clickable
Best Score? Go Orange.
Best New Artist Nomination? Stats
Can you pick the Artists Who Were Nominated For A Best New Artist Grammy?
By
paultoes
10m
50 Questions
116 Plays
116 Plays
116 Plays
Comments
Comments
Give Quiz Kudos
Give Quiz Kudos
-
- Ratings
hide this ad
More Info
Random Order
Randomize order of answers
Randomize order of answers
Replay
Link that replays current quiz
Next Quiz
Link to next quiz in quiz playlist
You Got
0%
They Got
Avg Score
64%
Avg Friend Score
Upgrade to see
Score Distribution
Jump to the score distribution portion of the page
Score
0/50
Timer
10:00
0
Plays Today
% Correct
Christina Aguilera
86.2%
Taylor Swift
81.9%
Avril Lavigne
81%
Jonas Brothers
81%
Alanis Morissette
79.3%
Justin Bieber
79.3%
Dixie Chicks
78.4%
Carrie Underwood
77.6%
Nicki Minaj
76.7%
The Backstreet Boys
75.9%
Kanye West
75.9%
Britney Spears
75%
John Mayer
74.1%
Chris Brown
73.3%
Vanessa Williams
72.4%
50 Cent
72.4%
Jewel
71.6%
Green Day
70.7%
Brandy
69.8%
Drake
69%
No Doubt
68.1%
Puff Daddy
68.1%
Hanson
68.1%
The Beatles
67.2%
Billy Ray Cyrus
67.2%
% Correct
Bette Midler
66.4%
Boyz II Men
66.4%
Ace of Base
64.7%
Fiona Apple
64.7%
Sade
62.9%
Kid Rock
62.9%
Culture Club
62.1%
Wilson Phillips
61.2%
Sisqó
58.6%
Kris Kross
57.8%
Led Zeppelin
56%
Crosby, Stills & Nash
55.2%
Robin Williams
55.2%
Elvis Costello
54.3%
KC and the Sunshine Band
54.3%
Boston
53.4%
The Pretenders
52.6%
Elton John
50.9%
Sonny & Cher
48.3%
Chicago
44.8%
The Blues Brothers
44%
Barry White
43.1%
The Cars
39.7%
Cream
37.9%
Jefferson Airplane
28.4%
Quiz Playlist
Details
Report
Send in Message
Add To Playlist
More Info:
Select the Musical Artists who have received a Best New Artist Grammy Nomination.
Clickable:
Select answers by clicking on text or image buttons
Random Order:
Randomize order of answers
Quiz Source
Last Updated: Feb 16, 2017
Quiz Scoreboard
CHALLENGE
Sign Up to Join the Scoreboard
Show All
Scores
Hide
Comments
May contain spoilers
Recently Published
Street Fighter Characters
by Artimus82
Gaming
60s
9x9 Crossword: Cartoon Network
by jackfrog10
Miscellaneous
3m
College Basketball Coaching Resumes
by pancakes188
Sports
9m
More to Explore
Quiz From the Vault
Featured Blog Post
Where Did the Easter Bunny Come From?
hide this ad
You Might Also Like...
Tags
Grammy
Grammy Nominees
Grammy Winners
Music Awards
nomination
Today's Top Quizzes in Music
Browse Music
hide this ad
Today's Top Quizzes in Grammy Nominees
Browse Grammy Nominees
Top Contributed Quizzes in Music
1
Taylor Swift All Songs (2024)
2
Guess the Artist- 70s Songs
3
7-to-1: Billboard Hot 100 #1 Hits of 2010s
4
Taylor Swift Logic Puzzle
5
Sorting Albums and Songs
6
KPOP LOGIC QUIZ
7
Guess the Taylor Swift song (Mystery Song)
8
Guess The Taylor Swift Lyrics Song #1
9
Billboard Blitz: ABBA
10
Billboard Blitz: The Beatles
Explore More
Trending Topics
Crossword
Harry Potter
Anime
NBA
Disney
Kpop
Marvel
Soccer
The Office
NFL
Country
Puzzle
Pokémon
WWE
Song
hide this ad
More By:
paultoes
Quiz
Plays
Rating
Category
Featured
Created
Movies by First Frame
174,441
4.12
Movies
May 18, 2014
1990s Movie Slideshow
149,815
4.50
Movies
Jul 31, 2013
1980s Movie Slideshow
135,555
4.76
Movies
Aug 4, 2013
1970s Movie Slideshow
115,001
4.65
Movies
Sep 7, 2013
Movies by First Frame II
114,214
4.15
Movies
May 18, 2014
Go to Creator's Profile
Score Distribution
Quiz Creator Spotlight
paultoes
Follow
Send a Message
Quizzes Created
-
Created Quiz Play Count
-
More By This Creator
Popular Quizzes Today
1
Find the US States - No Outlines Minefield
2
Find the Countries of Europe - No Outlines Minefield
3
The Countries of the World
4
Find the US States
5
Risky Map Clicking: Biggest States A-Z
6
US States
7
Popular People in 1961
8
Movies - When Are They Set?
More Music Quizzes
Figure Out the Disney Lyrics III
Published
Trending Quizzes
Risky Map Clicking: Least Populous States A-Z
1-10 Letter G Words
Risky Map Clicking: Next State Alphabetically
Adjectives in 80s TV Shows
The Seven Year Switch: Catherine
Recently Updated
Leaping Animals
pecheneg
Reality TV Shows (A-Z)
bhenderson79
Rickey Henderson's Hall of Fame Teammates
pecheneg
Champions League XIs: Arsenal
pecheneg
Quick Pick: Celebrities in WWE's Hall of Fame
aduchscher
A-Z Keypad Blitz II
pecheneg
Multiple Oscar Actors
pecheneg
Mystery Phrase Blitz: Oscar 'Best Actors'
pecheneg
F. Scott Fitzgerald Novels
LTH
Pick 3 Villains
ddd62291
Trending Topics
Crossword
Disney
Kpop
Anime
Harry Potter
Marvel
NBA
NFL
Puzzle
Country
Pokémon
Song
WWE
The Office
Soccer
Your Account Isn't Verified!
In order to create a playlist on Sporcle, you need to verify the email address you used during registration. Go to your
Sporcle Settings
to finish the process.
Report this User
Report this user for behavior that violates our
Community Guidelines
.
Details:
Send Report
Go to the Sporcle.com Mobile Site →
Comments